| 000 | 00626nam a22001937a 4500 | ||
|---|---|---|---|
| 008 | 150122b xxu||||| |||| 00| 0 eng d | ||
| 020 | _a0615129242 | ||
| 050 | _aBF121.S47 2008 | ||
| 100 |
_aShea, Eugene B. _914587 |
||
| 245 |
_aThe Immortal "I" : _bA unified theory of psychology, neurology, and the perennial philosophy/ _cEugene B. Shea. |
||
| 250 | _a2nd ed. | ||
| 260 |
_aIllinois: _bThe Shelton Group, _c2008. |
||
| 300 |
_axix, 228p. _c23 cm. |
||
| 650 |
_aChristianity _xPsychology _914588 |
||
| 650 |
_aSelf _911306 |
||
| 650 |
_aLove _914589 |
||
| 650 |
_aBelief and doubt _914590 |
||
| 942 |
_2lcc _cMONOGRAPH _01 |
||
| 999 |
_c121879 _d121879 |
||